| 000 | 00544nam a2200193Ia 4500 | ||
|---|---|---|---|
| 008 | 240729s9999 xx 000 0 und d | ||
| 022 | _a2076-3417 | ||
| 245 | 0 | _aApplied Sciences | |
| 260 | _aSwitzerland | ||
| 260 | _bMDPI AG | ||
| 650 | _a Biology (General) | Science | ||
| 650 | _a Chemistry | ||
| 650 | _a Engineering (General). Civil engineering (General) | Science | ||
| 650 | _a Physics | Science | ||
| 650 | _aTechnology | ||
| 856 | _uhttps://doaj.org/toc/06b1b003af9c4e6e9323930c4fd7279a | ||
| 942 | _2ddc | ||
| 942 | _cDOAJEJ | ||
| 999 |
_c74442 _d74442 |
||
| 945 |
_a1 _bMadushi Gamage _c1 _dMadushi Gamage |
||